Una famiglia di topi. Romanzo per i fanciulli illustrato da Enrico Mazzanti

Guardado en:
Detalles Bibliográficos
Autor principal: Cattermole Mancini, Eva.
Formato: Libro
Lenguaje:italiano
Publicado: Firenze Bemporad 1891
Catálogo:EDISCO:  Resultados de Búsqueda del Catálogo
Clasificación de libros de texto:
Etiquetas: Agregar Etiqueta
Sin Etiquetas, Sea el primero en etiquetar este registro!
Añadido a:2016-04-30
Cambiado en:2017-10-18

MARC

LEADER 00000aam a22000007 4500
001 06495
003 OSt
005 20171018095140.0
008 160501s1891 it 000 0 ita
040 |c Gianfranco Bandini - Firenze - CLIO 
041 1 |a ita 
100 1 |a Cattermole Mancini, Eva. 
245 0 0 |a Una famiglia di topi. Romanzo per i fanciulli illustrato da Enrico Mazzanti 
260 |a Firenze  |b Bemporad  |c 1891 
300 |a 219, fig., 1/x ;  
901 |a 7 
942 |2 ddc  |c BK 
546 |a ita 
999 |c 6484  |d 6484 
999 |c edisco:6484  |d 6484